000 00325nam a22001337a 4500
008 171106b xxu||||| |||| 00| 0 eng d
020 _a9780073367774
041 _aeng
080 _26TH
_a330.722.6
100 _a62
101 _aKON
245 _aFUNDAMENTAL FINANCIAL ACCOUNTING CONCEPTS
_cEDMONDS,TH,P
942 _2udc
_cBK
999 _c37936
_d37936